|
|
|
|
| LEADER |
00675nam a2200229Ia 4500 |
| 001 |
CTU_96998 |
| 008 |
210402s9999 xx 000 0 und d |
| 082 |
|
|
|a 332.4952
|
| 082 |
|
|
|b A581
|
| 100 |
|
|
|a Angel, Robert C.
|
| 245 |
|
0 |
|a Explaining economic policy failure :
|
| 245 |
|
0 |
|b Japan in the 1969-71 international monetary crisis
|
| 245 |
|
0 |
|c Robert C. Angel
|
| 260 |
|
|
|a New York
|
| 260 |
|
|
|b Columbia University Press
|
| 260 |
|
|
|c 1991
|
| 650 |
|
|
|a Monetary policy,International finance
|
| 650 |
|
|
|x History,History
|
| 650 |
|
|
|y 20th century,20th century
|
| 650 |
|
|
|z Japan
|
| 904 |
|
|
|i Năm
|
| 980 |
|
|
|a Trung tâm Học liệu Trường Đại học Cần Thơ
|